German Cities A-Z - Statistics

General Stats
  • This quiz has been taken 191 times
  • The average score is 16 of 23
Answer Stats
Clue City % Correct
B Capital of Germany Berlin
99%
C Also known as "Köln" Cologne
98%
F Germany's financial capital Frankfurt
98%
M 1972 Summer Olympics host Munich
97%
N Site of Nazi rallies and tribunals Nuremberg
93%
E German for "to eat" Essen
89%
S Home to Porsche and Mercedes Stuttgart
85%
W German Republic, 1919-1933 Weimer
85%
D BVB is its FC Dortmund
84%
A Westernmost city Aachen
83%
L J.S. Bach died in this city Leipzig
81%
K Biggest on the Baltic Sea Kiel
72%
P "Big 3" Allied leaders met here Potsdam
72%
U Birthplace of Albert Einstein Ulm
71%
H Germany's oldest University Heidelberg
65%
R East Germany's main port Rostock
63%
J Carl Zeiss AG was founded here Jena
59%
G City where "Schalke 04" FC is based Gelsenkirchen
55%
T Its English name was "Treves" Trier
50%
I Birthplace of "Illuminati" Ingolstadt
42%
O One of Europe's most influential royal houses Oldenburg
34%
X Only city starting with X Xanten
31%
Z Radical Reformation "prophets" Zwickau
21%
No matching quizzes found
Score Distribution
Percent of People with Each Score
Percentile by Number Answered
Your Score History
You have not taken this quiz